header

Ibsen and the modern self (Record no. 222919)

MARC details
000 -LEADER
fixed length control field 01497nam a2200349Ia 4500
245 00 - TITLE STATEMENT
Title Ibsen and the modern self
260 ## - PUBLICATION, DISTRIBUTION, ETC. (IMPRINT)
Place of publication Hong Kong :
Name of publisher Open University of Hong Kong Press,
Year of publication c2010.
300 ## - PHYSICAL DESCRIPTION
Number of Pages xxiv, 328 p. :
Other physical details ill.
490 0# - SERIES STATEMENT
Series statement University collection
Series statement Acta Ibseninan ;
500 ## - GENERAL NOTE
General note "Centre for Ibsen Studies, University of Oslo, Open University of Hong Kong Press."
650 #0 - SUBJECT ADDED ENTRY--TOPICAL TERM
Topical Term Self in literature.
700 1# - ADDED ENTRY--PERSONAL NAME
Personal name Tam, Kwok-kan,
Personal name Yip, Terry Siu-han,
Personal name Helland, Forde,
856 40 - ELECTRONIC LOCATION AND ACCESS
Uniform Resource Identifier http://site.ebrary.com/lib/rucke/Doc?id=10478473

No items available.

© 2026 Rongo University
Contact us: librarian | system librarian | Rongo university